<?xml version="1.0" encoding="UTF-8"?>
<record
    xmlns:xsi="http://www.w3.org/2001/XMLSchema-instance"
    xsi:schemaLocation="http://www.loc.gov/MARC21/slim http://www.loc.gov/standards/marcxml/schema/MARC21slim.xsd"
    xmlns="http://www.loc.gov/MARC21/slim">

  <leader>02128cam a22003014a 4500</leader>
  <controlfield tag="001">13915673</controlfield>
  <controlfield tag="005">20210414113903.0</controlfield>
  <controlfield tag="008">050330s2006    mauab         001 0 eng  </controlfield>
  <datafield tag="010" ind1=" " ind2=" ">
    <subfield code="a">  2005043863</subfield>
  </datafield>
  <datafield tag="020" ind1=" " ind2=" ">
    <subfield code="a">0072978856 (alk. paper)</subfield>
  </datafield>
  <datafield tag="040" ind1=" " ind2=" ">
    <subfield code="a">DLC</subfield>
    <subfield code="c">DLC</subfield>
    <subfield code="d">DLC</subfield>
  </datafield>
  <datafield tag="042" ind1=" " ind2=" ">
    <subfield code="a">pcc</subfield>
  </datafield>
  <datafield tag="050" ind1="0" ind2="0">
    <subfield code="a">HB172.5.C638 </subfield>
  </datafield>
  <datafield tag="082" ind1="0" ind2="0">
    <subfield code="a">339</subfield>
    <subfield code="2">22</subfield>
  </datafield>
  <datafield tag="100" ind1="1" ind2=" ">
    <subfield code="a">Colander, David C.</subfield>
  </datafield>
  <datafield tag="245" ind1="1" ind2="0">
    <subfield code="a">Macroeconomics /</subfield>
    <subfield code="c">David C. Colander.</subfield>
  </datafield>
  <datafield tag="250" ind1=" " ind2=" ">
    <subfield code="a">6th ed.</subfield>
  </datafield>
  <datafield tag="260" ind1=" " ind2=" ">
    <subfield code="a">Boston, Mass. :</subfield>
    <subfield code="b">McGraw-Hill/Irwin,</subfield>
    <subfield code="c">c2006.</subfield>
  </datafield>
  <datafield tag="300" ind1=" " ind2=" ">
    <subfield code="a">xxiv, 497 + various pagings :</subfield>
    <subfield code="b">ill. (some col.), map ;</subfield>
    <subfield code="c">26 cm.</subfield>
  </datafield>
  <datafield tag="500" ind1=" " ind2=" ">
    <subfield code="a">Includes index.</subfield>
  </datafield>
  <datafield tag="505" ind1=" " ind2=" ">
    <subfield code="a">Contents: Introduction: Thinking like an economist: Economics and economic reasoning -- Trade, trade-offs, and government policy -- The Evolving U.S. economy in perspective -- Supply and demand -- Using supply and demand -- Macroeconomics --  Macroeconomic problems: Economic growth, business cycles, unemployment and inflation -- National income accounting -- The Macroeconomic framework: Growth, productivity and the wealth of nations -- Aggregate demand, aggregate supply and modern macroeconomics -- The Multiplier model -- Money, inflation and monetary policy: Money, banking and the financial sector -- Monetary policy and the debate about macro policy -- Inflation and its relationship to unemployment and growth -- Macro policy in perspective: Aggregate demand policy in perspective -- Politics, deficits and debt -- Macro policies in developing countries -- International policy issues: International trade policy, comparative advantage and outsourcing -- International financial policy -- Macro policy in a global setting -- Glossary.</subfield>
  </datafield>
  <datafield tag="650" ind1=" " ind2="0">
    <subfield code="a">Macroeconomics.</subfield>
  </datafield>
  <datafield tag="856" ind1="4" ind2="2">
    <subfield code="3">Publisher description</subfield>
    <subfield code="u">http://www.loc.gov/catdir/enhancements/fy0668/2005043863-d.html</subfield>
  </datafield>
  <datafield tag="856" ind1="4" ind2="1">
    <subfield code="3">Table of contents only</subfield>
    <subfield code="u">http://www.loc.gov/catdir/enhancements/fy0668/2005043863-t.html</subfield>
  </datafield>
  <datafield tag="906" ind1=" " ind2=" ">
    <subfield code="a">7</subfield>
    <subfield code="b">cbc</subfield>
    <subfield code="c">orignew</subfield>
    <subfield code="d">1</subfield>
    <subfield code="e">ocip</subfield>
    <subfield code="f">20</subfield>
    <subfield code="g">y-gencatlg</subfield>
  </datafield>
  <datafield tag="942" ind1=" " ind2=" ">
    <subfield code="2">lcc</subfield>
    <subfield code="c">BK</subfield>
  </datafield>
  <datafield tag="999" ind1=" " ind2=" ">
    <subfield code="c">363</subfield>
    <subfield code="d">7863</subfield>
  </datafield>
  <datafield tag="952" ind1=" " ind2=" ">
    <subfield code="0">0</subfield>
    <subfield code="1">0</subfield>
    <subfield code="2">lcc</subfield>
    <subfield code="4">0</subfield>
    <subfield code="7">0</subfield>
    <subfield code="a">WIUC-1</subfield>
    <subfield code="b">WIUC-1</subfield>
    <subfield code="c">GEN</subfield>
    <subfield code="d">2011-12-12</subfield>
    <subfield code="l">0</subfield>
    <subfield code="o">HB172.5.C638</subfield>
    <subfield code="p">945/11</subfield>
    <subfield code="r">2011-12-12 00:00:00</subfield>
    <subfield code="t">1</subfield>
    <subfield code="w">2011-12-12</subfield>
    <subfield code="y">BK</subfield>
  </datafield>
  <datafield tag="952" ind1=" " ind2=" ">
    <subfield code="0">0</subfield>
    <subfield code="1">0</subfield>
    <subfield code="2">lcc</subfield>
    <subfield code="4">0</subfield>
    <subfield code="7">0</subfield>
    <subfield code="a">WIUC-1</subfield>
    <subfield code="b">WIUC-1</subfield>
    <subfield code="c">GEN</subfield>
    <subfield code="d">2011-12-12</subfield>
    <subfield code="l">0</subfield>
    <subfield code="o">HB172.5.C6381</subfield>
    <subfield code="p">946/11</subfield>
    <subfield code="r">2011-12-12 00:00:00</subfield>
    <subfield code="t">2</subfield>
    <subfield code="w">2011-12-12</subfield>
    <subfield code="y">BK</subfield>
  </datafield>
  <datafield tag="952" ind1=" " ind2=" ">
    <subfield code="0">0</subfield>
    <subfield code="1">0</subfield>
    <subfield code="2">lcc</subfield>
    <subfield code="4">0</subfield>
    <subfield code="7">0</subfield>
    <subfield code="a">WIUC-1</subfield>
    <subfield code="b">WIUC-1</subfield>
    <subfield code="c">GEN</subfield>
    <subfield code="d">2011-12-12</subfield>
    <subfield code="l">0</subfield>
    <subfield code="o">HB172.5.C6382</subfield>
    <subfield code="p">947/11</subfield>
    <subfield code="r">2011-12-12 00:00:00</subfield>
    <subfield code="t">3</subfield>
    <subfield code="w">2011-12-12</subfield>
    <subfield code="y">BK</subfield>
  </datafield>
  <datafield tag="952" ind1=" " ind2=" ">
    <subfield code="0">0</subfield>
    <subfield code="1">0</subfield>
    <subfield code="2">lcc</subfield>
    <subfield code="4">0</subfield>
    <subfield code="7">0</subfield>
    <subfield code="a">WIUC-1</subfield>
    <subfield code="b">WIUC-1</subfield>
    <subfield code="c">GEN</subfield>
    <subfield code="d">2011-12-12</subfield>
    <subfield code="l">0</subfield>
    <subfield code="o">HB172.5.C6383</subfield>
    <subfield code="p">948/11</subfield>
    <subfield code="r">2011-12-12 00:00:00</subfield>
    <subfield code="t">4</subfield>
    <subfield code="w">2011-12-12</subfield>
    <subfield code="y">BK</subfield>
  </datafield>
  <datafield tag="952" ind1=" " ind2=" ">
    <subfield code="0">0</subfield>
    <subfield code="1">0</subfield>
    <subfield code="2">lcc</subfield>
    <subfield code="4">0</subfield>
    <subfield code="7">0</subfield>
    <subfield code="a">WIUC-1</subfield>
    <subfield code="b">WIUC-1</subfield>
    <subfield code="c">GEN</subfield>
    <subfield code="d">2011-12-12</subfield>
    <subfield code="l">0</subfield>
    <subfield code="o">HB172.5.C6384</subfield>
    <subfield code="p">949/11</subfield>
    <subfield code="r">2011-12-12 00:00:00</subfield>
    <subfield code="t">5</subfield>
    <subfield code="w">2011-12-12</subfield>
    <subfield code="y">BK</subfield>
  </datafield>
  <datafield tag="952" ind1=" " ind2=" ">
    <subfield code="0">0</subfield>
    <subfield code="1">0</subfield>
    <subfield code="2">lcc</subfield>
    <subfield code="4">0</subfield>
    <subfield code="7">0</subfield>
    <subfield code="a">WIUC-1</subfield>
    <subfield code="b">WIUC-1</subfield>
    <subfield code="c">GEN</subfield>
    <subfield code="d">2011-12-12</subfield>
    <subfield code="l">0</subfield>
    <subfield code="o">HB172.5.C6385</subfield>
    <subfield code="p">950/11</subfield>
    <subfield code="r">2011-12-12 00:00:00</subfield>
    <subfield code="t">6</subfield>
    <subfield code="w">2011-12-12</subfield>
    <subfield code="y">BK</subfield>
  </datafield>
  <datafield tag="952" ind1=" " ind2=" ">
    <subfield code="0">0</subfield>
    <subfield code="1">0</subfield>
    <subfield code="2">lcc</subfield>
    <subfield code="4">0</subfield>
    <subfield code="7">0</subfield>
    <subfield code="a">WIUC-1</subfield>
    <subfield code="b">WIUC-1</subfield>
    <subfield code="c">GEN</subfield>
    <subfield code="d">2011-12-12</subfield>
    <subfield code="l">0</subfield>
    <subfield code="o">HB172.5.C6386</subfield>
    <subfield code="p">951/11</subfield>
    <subfield code="r">2011-12-12 00:00:00</subfield>
    <subfield code="t">7</subfield>
    <subfield code="w">2011-12-12</subfield>
    <subfield code="y">BK</subfield>
  </datafield>
  <datafield tag="952" ind1=" " ind2=" ">
    <subfield code="0">0</subfield>
    <subfield code="1">0</subfield>
    <subfield code="2">lcc</subfield>
    <subfield code="4">0</subfield>
    <subfield code="7">0</subfield>
    <subfield code="a">WIUC-1</subfield>
    <subfield code="b">WIUC-1</subfield>
    <subfield code="c">GEN</subfield>
    <subfield code="d">2011-12-12</subfield>
    <subfield code="l">0</subfield>
    <subfield code="o">HB172.5.C6387</subfield>
    <subfield code="p">952/11</subfield>
    <subfield code="r">2011-12-12 00:00:00</subfield>
    <subfield code="t">8</subfield>
    <subfield code="w">2011-12-12</subfield>
    <subfield code="y">BK</subfield>
  </datafield>
</record>
